1290 1116 1576 1293 1094 1627 1125 1805 1552 1551 1852 1065 1658 1681 1044 1244 1688 1578 1813 1245 1068 1000 1074 1284 1636 1798 1817 1642 1957 1398 1346 1337 1002 1297 1787 1722 1415 1047 1526 1115 1166 1649 1776 1458 1614 1734 1498 1995 1986 1315 1835 1626 1759 1740 1005 1447 1769 1155 1387 1276 1470 1962 1080 1468 1248 1839 1821 1332 1138 1866 1928 1315 1409 1240 1084 1799 1527 1521 1716 1674 1774 1046 1977 1174 1451 1258 1353 1075 1044 1559 1832 1682 1116 1966 1193 1797 1152 1561 1222 BCNSPRNW ULIB Ver.6.0+V

เปลี่ยนเป็นภาษาไทย

Change to English
 แสดงรายละเอียดบรรณานุกรม
  กลับหน้าหลัก

Brief Record : Get Marc (ISO 2709) : E-mail record : QR code < ปิดหน้าต่าง
LEADER : 00000nam 2200000uu 4500
001    13399125949
003     ULIB
008    171121s2553||||th 000 0 tha d
020    ^a9786165163026
050 04 ^aนว.^bฮ-ป
100 0  ^aฮายามิเนะ คาโอรุ
245 10 ^aปริศนาห้องแถวกระปุกเหล้า /^cฮายามิเนะ คาโอรุ
250    ^aพิมพ์ครั้งที่ 1
260    ^aกรุงเทพฯ :^bบริษัท เนชั่น เอ็ดดูเทนเมนท์ จำกัด, ^c2553
300    ^a210 หน้า :^bภาพประกอบสี ;^c17 ซม.
945    ^p0^l0^i003389
999    ^aประนอม เกษจรัล
รายการนี้ยังไม่มีแท็ก
คุณยังไม่ได้ล็อกอิน คุณสามารถมีกิจกรรมร่วมกับเว็บไซต์ได้ แต่ต้องล็อกอินก่อน ::
  ล็อกอิน

รายการสื่อสารสนเทศ

ลำดับที่ ประเภท เลขเรียก/บาร์โค้ด สถานที่ สถานะ
1. วิทยาศาสตร์การแพทย์ และสุขภาพ
วิทยาศาสตร์การแพทย์ และสุขภาพ
นว. ฮ-ป ฉ.1 
  Barcode: 003389
ห้องสมุดวิทยาเขตสวรรค์ประชารักษ์
►นวนิยาย
บนชั้น
  ขอยืม

BibComment


ยังไม่เคยถูกคอมเมนท์

คอมเมนท์ทรัพยากรรายการนี้
  คอมเมนท์: ปริศนาห้องแถวกระ..


 Copyright 2026. Bcnsprnw @Library